000 00805cam a22002897a 4500
003 CHAP
005 20220329140655.0
008 971013s r 00010 d
010 _a55802
011 _a56774
035 _a60927
040 _cCHAP
082 _a635.8
_bS4
100 0 0 _aSeymour, Jacquelin.
_9105432
245 1 4 _aLas setas
260 _aBarceloa :
_bCastell,
_c(s.a.)
300 _a61 p.
_b: ilus.
490 3 _aLa naturaleza
590 _aBATCH-UPD
_b10
_c20130110
_lUCH01
_h0458
590 _aCONVERSION
_b10
_c20130109
_lUCH01
_h1330
650 1 4 _aSetas.
_9105368
830 3 _aLa naturaleza
_964236
901 _aBK
942 _cLIBRO
949 _a635.8 S4
_bBC
_cESP
_d-131050
_eESP
_h31037
_i60927
_si
949 _a635.8 S4
_bBC
_cLIBRO
_d33724002060934
_eLIBRO
_fc.2
_h50619
_i60927
_si
999 _c55802
_d55802